000 01017nam a22003497a 4500
001 0003131
003 KOHA_MİRAKIL
005 20260207001329.0
007 ta
008 090320b1998 tu |||gr||||#||||0|tur |
020 _a9753531621
040 _aTR-BiSEU
_btur
_cTR-BiSEU
_erda
041 0 _atur
044 _ctu
050 _aHG181
_b.K83 1998
100 1 _aKondak, Nuray.
245 1 _aFinansal pazarlara giriş, menkul kıymet pazarlarının gelişimi, finansal/
_cNuray Kondak ; Nuray Kondak.
264 1 _aİstanbul :
_bDer Yayınları
_c1998
300 _a187 sayfa
336 _ametin
_btxt
_2rdacontent
337 _aaracısız
_bn
_2rdamedia
338 _acilt
_bnc
_2rdacarrier
490 1 _aYayın ;
_vno.
490 1 _a237.
500 _aKaynakça var.
650 0 _aSermaye piyasası Türkiye.
_96498
650 0 _aMenkul kıymetler Türkiye.
_97935
650 0 _aFinansal kuruluşlar Türkiye.
_97382
830 1 _aYayın ;
_vno.
_91557
830 1 _a237.
_97936
942 _2lcc
_cBK
999 _c3115
_d3115